000 00799nam a22002411u 4500
001 05871
003 HDC
007 cr bn ---aaaaa
008 210121p2011 | d 00 engg
040 _aHDC
245 0 _aGlobal Pathfinder Report : Halal Food Trends
260 _a[no place] :
_b[publisher not identified],
_c2011
300 _a 1 online resource (10 pages)
336 _atext
_2rdacontent
337 _acomputer
_2rdamedia
338 _aonline resource
_2rdacarrier
650 _ahalal and haram
_92561
650 _aHalal food
_zSingapore
_96159
856 _zRequest full-text at [email protected]
942 _2lcc
942 _cEIS
942 _kREPT 000213
999 _c3195
_d3195